[Event "7th Parsvnath International Open Chess T"]
[Site "Modern School, Barakhamba Road"]
[Date "2009.01.15"]
[Round "6.22"]
[White "Shyam, Sundar M"]
[Black "A K  Kalshyan"]
[Result "1-0"]
[WhiteElo "2426"]
[BlackElo "1979"]
[PlyCount "63"]
[EventDate "2009.01.11"]

1. e4 c5 2. Nf3 d6 3. d4 cxd4 4. Nxd4 Nf6 5. Nc3 a6 6. Be3 e6 7. Be2 Be7 8. O-O
Nc6 9. a4 O-O 10. f4 Qc7 11. Nb3 b6 12. g4 Nd7 13. g5 f5 14. exf5 Rxf5 15. Bg4
g6 16. Bxf5 gxf5 17. Ne2 Bb7 18. Ng3 Nb4 19. Nd4 Nf8 20. Qe2 Re8 21. c3 Nd5 22.
Bd2 e5 23. Ndxf5 Qc5+ 24. Qf2 exf4 25. Qxc5 dxc5 26. Bxf4 Nxf4 27. Nxe7+ Rxe7
28. Rxf4 Ng6 29. Rf6 Nh4 30. Rd1 Nf3+ 31. Kf2 Nxg5 32. Rd8+ 1-0

[Event "7th Parsvnath International Open Chess T"]
[Site "Modern School, Barakhamba Road"]
[Date "2009.01.15"]
[Round "6.23"]
[White "Matta, Vinay Kumar"]
[Black "Das, Arghyadip"]
[Result "1-0"]
[WhiteElo "2246"]
[BlackElo "2404"]
[PlyCount "51"]
[EventDate "2009.01.11"]

1. e4 c5 2. Nf3 e6 3. d4 cxd4 4. Nxd4 Nc6 5. Nc3 Qc7 6. Ndb5 Qb8 7. f4 a6 8.
Nd4 Qc7 9. Be3 b5 10. Bd3 Bb7 11. Nb3 d6 12. O-O Nf6 13. Kh1 Be7 14. a3 O-O 15.
Qf3 Rac8 16. Qh3 Rfe8 17. Rae1 b4 18. Na4 g6 19. Nb6 Rb8 20. a4 Nd7 21. f5 Nce5
22. Nxd7 Nxd7 23. fxg6 fxg6 24. Rf7 Nf6 25. Qxe6 Qd7 26. Rf8+ 1-0

[Event "7th Parsvnath International Open Chess T"]
[Site "Modern School, Barakhamba Road"]
[Date "2009.01.15"]
[Round "6.24"]
[White "Upadhayay, R."]
[Black "Prakash, G B."]
[Result "0-1"]
[WhiteElo "2132"]
[BlackElo "2397"]
[PlyCount "81"]
[EventDate "2009.01.11"]

1. e4 c6 2. d4 d5 3. exd5 cxd5 4. c4 Nf6 5. Nc3 e6 6. Nf3 Bb4 7. Bd3 dxc4 8.
Bxc4 O-O 9. O-O b6 10. Qe2 Bb7 11. Rd1 Nbd7 12. Bg5 Bxc3 13. bxc3 Qc7 14. Bd3
Qxc3 15. Rac1 Qa5 16. Ne5 Rac8 17. Qe3 Rfe8 18. Qg3 Qb4 19. Rb1 Qf8 20. Bb5
Nxe5 21. dxe5 Ne4 22. Qg4 Nc3 23. Bxe8 Rxe8 24. h4 Nxb1 25. Rxb1 Kh8 26. Rc1 h6
27. Bf4 Rc8 28. Rxc8 Qxc8 29. Qd1 Qc4 30. Qd2 Bd5 31. a3 Kg8 32. f3 b5 33. Qc1
Qa4 34. Bg3 a5 35. Qc3 b4 36. axb4 axb4 37. Qd4 Qa3 38. Be1 b3 39. Bc3 Qc1+ 40.
Kh2 Qc2 41. Bb2 0-1

[Event "7th Parsvnath International Open Chess T"]
[Site "Modern School, Barakhamba Road"]
[Date "2009.01.15"]
[Round "6.25"]
[White "Arindam, Mukherjee"]
[Black "Gleizerov, Evgeny"]
[Result "1/2-1/2"]
[WhiteElo "2259"]
[BlackElo "2544"]
[PlyCount "80"]
[EventDate "2009.01.11"]

1. d4 e6 2. e4 d5 3. exd5 exd5 4. Bd3 c5 5. Nf3 c4 6. Be2 Nf6 7. O-O Be7 8. b3
cxb3 9. cxb3 Nc6 10. Ne5 O-O 11. Bb2 Qb6 12. Nxc6 bxc6 13. Nc3 Ba6 14. Na4 Qb7
15. Rc1 Bxe2 16. Qxe2 Rfe8 17. Qd3 Bd6 18. Rfe1 Ne4 19. f3 Ng5 20. Qd2 h6 21.
Rxe8+ Rxe8 22. Re1 Rxe1+ 23. Qxe1 Qc7 24. h3 Ne6 25. Bc3 Be7 26. Qe5 Bf6 27.
Qxc7 Nxc7 28. Kf2 Ne6 29. Ke3 c5 30. Bb2 cxd4+ 31. Kf2 Nf4 32. Kf1 Kf8 33. Bc1
Nd3 34. Bd2 Ne5 35. f4 Nc6 36. Ke2 Ke7 37. b4 Nd8 38. b5 Ne6 39. f5 Nc7 40.
Bb4+ Kd8 1/2-1/2

[Event "7th Parsvnath International Open Chess T"]
[Site "Modern School, Barakhamba Road"]
[Date "2009.01.15"]
[Round "6.26"]
[White "Abhishek, Das"]
[Black "Ismagambetov, Anuar"]
[Result "0-1"]
[WhiteElo "2251"]
[BlackElo "2523"]
[PlyCount "58"]
[EventDate "2009.01.11"]

1. e4 Nc6 2. Nc3 Nf6 3. d4 d6 4. h3 g6 5. Nf3 Bg7 6. Be3 O-O 7. Qd2 a6 8. Bh6
b5 9. Bd3 e5 10. dxe5 Nxe5 11. Nxe5 dxe5 12. Bxg7 Kxg7 13. a4 b4 14. Nd1 c5 15.
f3 Qc7 16. Ne3 Rd8 17. b3 Be6 18. Rd1 Rd6 19. Ng4 Nh5 20. Qh6+ Kg8 21. Nxe5 Rd4
22. Ng4 Qg3+ 23. Kf1 Rad8 24. e5 Rf4 25. Nf6+ Nxf6 26. exf6 Rxf6 27. Be2 Rxd1+
28. Bxd1 Bf5 29. Qe3 Qd6 0-1

[Event "7th Parsvnath International Open Chess T"]
[Site "Modern School, Barakhamba Road"]
[Date "2009.01.15"]
[Round "6.27"]
[White "Bhat, Vinay S"]
[Black "Jain, Shreyansh Daklia"]
[Result "1-0"]
[WhiteElo "2495"]
[BlackElo "2250"]
[PlyCount "55"]
[EventDate "2009.01.11"]

1. d4 Nf6 2. Bg5 Ne4 3. Bf4 d5 4. e3 c5 5. Bd3 Nc6 6. Bxe4 dxe4 7. d5 Nb4 8.
Nc3 f5 9. a3 Na6 10. f3 g6 11. fxe4 fxe4 12. Be5 Rg8 13. Nge2 Bh6 14. Qd2 Rf8
15. O-O-O Rf2 16. Rhf1 Rxg2 17. d6 Be6 18. Nxe4 Qd7 19. Kb1 Bf5 20. Qd5 Be6 21.
Qd3 c4 22. Qc3 O-O-O 23. Nc1 b6 24. dxe7 Qxe7 25. Bf6 Rxd1 26. Rxd1 Qf8 27.
Rd8+ Qxd8 28. Bxd8 1-0

[Event "7th Parsvnath International Open Chess T"]
[Site "Modern School, Barakhamba Road"]
[Date "2009.01.15"]
[Round "6.28"]
[White "Koshy, Varugeese"]
[Black "Panchanathan, Magesh Chandran"]
[Result "1-0"]
[WhiteElo "2248"]
[BlackElo "2490"]
[PlyCount "67"]
[EventDate "2009.01.11"]

1. c4 Nf6 2. g3 e6 3. Nf3 d5 4. b3 c5 5. Bg2 Nc6 6. O-O Be7 7. e3 O-O 8. Bb2 b6
9. Nc3 dxc4 10. bxc4 Bb7 11. Qe2 Rc8 12. Rfd1 Qc7 13. Rac1 Qb8 14. d4 cxd4 15.
exd4 Na5 16. Ne5 Bxg2 17. Kxg2 Qb7+ 18. Kf1 Nd7 19. Ne4 Nxe5 20. dxe5 Rfd8 21.
Rxd8+ Rxd8 22. Qg4 Qc7 23. Nd6 Bf8 24. Ba3 Nc6 25. f4 Nd4 26. c5 Qc6 27. Qd1
Qd5 28. c6 Nf3 29. Kf2 Qxa2+ 30. Rc2 Qxa3 31. c7 Ra8 32. Qxf3 Qa4 33. Qc6 Qd4+
34. Kg2 1-0

[Event "7th Parsvnath International Open Chess T"]
[Site "Modern School, Barakhamba Road"]
[Date "2009.01.15"]
[Round "6.29"]
[White "Singh, S  Vikramjit"]
[Black "Lalith, Babu M R"]
[Result "0-1"]
[WhiteElo "2247"]
[BlackElo "2477"]
[PlyCount "74"]
[EventDate "2009.01.11"]

1. d4 Nc6 2. Nf3 d5 3. e3 Bg4 4. c4 e6 5. Nc3 Bb4 6. a3 Bxc3+ 7. bxc3 Nge7 8.
h3 Bh5 9. Rb1 Rb8 10. cxd5 exd5 11. c4 Qd6 12. Bb2 O-O 13. Rc1 Bg6 14. Be2 dxc4
15. Bxc4 b5 16. Be2 b4 17. Qa4 Bf5 18. O-O Bd7 19. Qa6 Qg6 20. Kh1 b3 21. Rc5
Rb6 22. Qc4 Be6 23. Qd3 Bf5 24. Qc3 Be4 25. Rc1 Nd5 26. Qe1 Nce7 27. Qf1 Qh6
28. Ng1 Nf5 29. Bf3 Bxf3 30. Nxf3 Ndxe3 31. Qd3 Rg6 32. fxe3 Nxe3 33. Ne1 Rxg2
34. Qxe3 Qxe3 35. Nxg2 Qf2 36. Bc3 Qa2 37. Rg1 b2 0-1

[Event "7th Parsvnath International Open Chess T"]
[Site "Modern School, Barakhamba Road"]
[Date "2009.01.15"]
[Round "6.30"]
[White "Phadke, Sohan"]
[Black "Konguvel, Ponnuswamy"]
[Result "0-1"]
[WhiteElo "2245"]
[BlackElo "2462"]
[PlyCount "38"]
[EventDate "2009.01.11"]

1. e4 c5 2. a3 g6 3. d4 cxd4 4. c3 dxc3 5. Nxc3 Bg7 6. Bc4 Nc6 7. Nf3 Nf6 8.
O-O O-O 9. h3 d6 10. Be3 a6 11. Rc1 b5 12. Ba2 Bb7 13. b4 a5 14. Nxb5 axb4 15.
e5 Nxe5 16. Bb6 Nxf3+ 17. gxf3 Qe8 18. Nc7 Qd7 19. Nxa8 Qxh3 0-1

[Event "7th Parsvnath International Open Chess T"]
[Site "Modern School, Barakhamba Road"]
[Date "2009.01.15"]
[Round "6.31"]
[White "Jaiswal, Puneet"]
[Black "Rathnakaran, K."]
[Result "0-1"]
[WhiteElo "2234"]
[BlackElo "2431"]
[PlyCount "112"]
[EventDate "2009.01.11"]

1. d4 Nf6 2. c4 c5 3. d5 e6 4. Nc3 exd5 5. cxd5 d6 6. e4 g6 7. h3 Bg7 8. Nf3
O-O 9. Bd3 a6 10. a4 Re8 11. O-O Nbd7 12. Re1 Qc7 13. Bf4 Rb8 14. Rc1 Nh5 15.
Bh2 Bh6 16. Rc2 Ne5 17. Nxe5 dxe5 18. Be2 Nf4 19. Bxf4 Bxf4 20. d6 Qd8 21. Nd5
Qxd6 22. Nxf4 Qxd1 23. Rxd1 exf4 24. Rxc5 Be6 25. Rc7 Rec8 26. Rdc1 a5 27. Bg4
Rxc7 28. Rxc7 Bxg4 29. hxg4 b5 30. Ra7 bxa4 31. Rxa5 Rb4 32. f3 h6 33. Kh2 Kf8
34. Ra7 Ke8 35. e5 Kf8 36. Kg1 g5 37. Kh2 Rxb2 38. Rxa4 Rb5 39. Ra6 Kg7 40. e6
f6 41. Ra7+ Kg6 42. Ra8 Re5 43. Rg8+ Kh7 44. Re8 Kg7 45. Kg1 f5 46. Kf2 fxg4
47. fxg4 Re3 48. Re7+ Kf6 49. Rh7 Kxe6 50. Rxh6+ Kf7 51. Rh7+ Kg6 52. Rh3 Rxh3
53. gxh3 Kf6 54. Kf3 Ke5 55. h4 gxh4 56. g5 h3 0-1

[Event "7th Parsvnath International Open Chess T"]
[Site "Modern School, Barakhamba Road"]
[Date "2009.01.15"]
[Round "6.32"]
[White "Mohammad, Ali"]
[Black "Thejkumar, M  S."]
[Result "0-1"]
[WhiteElo "2232"]
[BlackElo "2424"]
[PlyCount "62"]
[EventDate "2009.01.11"]

1. e4 c6 2. d4 d5 3. e5 Bf5 4. h4 h5 5. Be2 e6 6. c3 Nd7 7. Bg5 Qb6 8. Qb3 f6
9. exf6 gxf6 10. Be3 Bd6 11. Nd2 Ne7 12. Nh3 Bg6 13. Nf4 Bf7 14. g4 hxg4 15.
Bxg4 Nf8 16. Qxb6 axb6 17. Ne2 Bh5 18. Bxh5+ Rxh5 19. Bf4 Bxf4 20. Nxf4 Rf5 21.
Nd3 Kf7 22. Nf1 Rh5 23. Ng3 Rh6 24. Kd2 Nd7 25. a3 c5 26. Rae1 cxd4 27. cxd4
Nc6 28. Nf4 Nxd4 29. Kc3 Ra4 30. Ng2 Rc4+ 31. Kd3 Nc5+ 0-1

[Event "7th Parsvnath International Open Chess T"]
[Site "Modern School, Barakhamba Road"]
[Date "2009.01.15"]
[Round "6.33"]
[White "Deshpande, Aniruddha"]
[Black "Amanov, Zhanibek"]
[Result "1/2-1/2"]
[WhiteElo "2226"]
[BlackElo "2413"]
[PlyCount "46"]
[EventDate "2009.01.11"]

1. e4 c5 2. Nf3 Nc6 3. d4 cxd4 4. Nxd4 Nf6 5. Nc3 d6 6. Bc4 e6 7. Bb3 a6 8. a4
Be7 9. Be3 Qc7 10. f3 Na5 11. O-O O-O 12. Qe2 Bd7 13. Rad1 Nxb3 14. cxb3 Rac8
15. Bf2 Rfe8 16. Kh1 Bc6 17. b4 b5 18. axb5 axb5 19. Bh4 Qb6 20. Bxf6 Bxf6 21.
Nxc6 Rxc6 22. Qxb5 Qxb5 23. Nxb5 Rd8 1/2-1/2

[Event "7th Parsvnath International Open Chess T"]
[Site "Modern School, Barakhamba Road"]
[Date "2009.01.15"]
[Round "6.34"]
[White "Saptarshi, Roy"]
[Black "Singh, Pritam"]
[Result "1-0"]
[WhiteElo "2410"]
[BlackElo "2224"]
[PlyCount "67"]
[EventDate "2009.01.11"]

1. e4 c5 2. Nf3 e6 3. d4 cxd4 4. Nxd4 Qc7 5. Bd3 a6 6. c4 Nf6 7. Nc3 d6 8. Be3
Nbd7 9. Rc1 Be7 10. f3 O-O 11. O-O b6 12. g4 Bb7 13. g5 Ne8 14. f4 Kh8 15. Qh5
g6 16. Qh6 Rg8 17. Rf3 Ng7 18. Qh3 Qd8 19. Rf2 Rc8 20. Nf3 Re8 21. Rd1 Qc7 22.
f5 exf5 23. exf5 gxf5 24. Bd4 Ne5 25. Nxe5 dxe5 26. Rxf5 Bc5 27. Bxc5 Qxc5+ 28.
Kf1 Qc6 29. Rf6 Qh1+ 30. Kf2 Qg2+ 31. Qxg2 Bxg2 32. Kxg2 Ne6 33. Bf5 Nf4+ 34.
Kf3 1-0

[Event "7th Parsvnath International Open Chess T"]
[Site "Modern School, Barakhamba Road"]
[Date "2009.01.15"]
[Round "6.35"]
[White "Himanshu, Sharma"]
[Black "Mari Arul, S."]
[Result "1-0"]
[WhiteElo "2405"]
[BlackElo "2223"]
[PlyCount "75"]
[EventDate "2009.01.11"]

1. e4 e5 2. Nf3 Nc6 3. Bb5 a6 4. Ba4 Nf6 5. O-O Nxe4 6. d4 b5 7. Bb3 d5 8. dxe5
Be6 9. c3 Be7 10. Nbd2 O-O 11. Nd4 Nxe5 12. Nxe6 fxe6 13. Nxe4 dxe4 14. Bxe6+
Kh8 15. Bd5 Nd3 16. Bxa8 Qxa8 17. Qe2 Qd5 18. Be3 Bd6 19. f4 c5 20. a4 b4 21.
cxb4 cxb4 22. Qc2 h6 23. b3 Qf5 24. Qc6 Rf6 25. Qc2 Rf8 26. Rab1 Rc8 27. Qd2
Rc3 28. Kh1 Bc5 29. h3 Bd6 30. Bd4 Rc8 31. Qe2 Qd5 32. Bxg7+ Kh7 33. Rbc1 Rg8
34. Be5 Bc5 35. Kh2 Rg6 36. Rfe1 Qxb3 37. Qxe4 Nxe5 38. fxe5 1-0

[Event "7th Parsvnath International Open Chess T"]
[Site "Modern School, Barakhamba Road"]
[Date "2009.01.15"]
[Round "6.36"]
[White "Das, Sayantan"]
[Black "Akshayraj, Kore"]
[Result "0-1"]
[WhiteElo "2224"]
[BlackElo "2403"]
[PlyCount "112"]
[EventDate "2009.01.11"]

1. e4 e5 2. Nf3 Nc6 3. Bb5 a6 4. Ba4 Nf6 5. d4 exd4 6. O-O Be7 7. e5 Ne4 8.
Nxd4 Nxd4 9. Qxd4 Nc5 10. Nc3 O-O 11. Bb3 d6 12. Bf4 dxe5 13. Qxe5 Bd6 14. Qd4
Qh4 15. g3 Nxb3 16. axb3 Qg4 17. f3 Qg6 18. Bxd6 Rd8 19. Ne4 cxd6 20. Rf2 Bf5
21. c4 Bxe4 22. Qxe4 Qxe4 23. fxe4 Kf8 24. Kg2 Rac8 25. Rd2 Ke7 26. Rd5 Rc6 27.
Rad1 f6 28. Kf3 Rb6 29. R1d3 Rc8 30. g4 Rcc6 31. Ke2 Rb4 32. Kd2 b5 33. Kc3
Rxb3+ 34. Kxb3 bxc4+ 35. Kc3 cxd3+ 36. Kxd3 Rc5 37. Rd4 Rg5 38. h3 h5 39. Ra4
a5 40. Ke3 Rb5 41. gxh5 Rxh5 42. Kf4 Rxh3 43. Rxa5 Ke6 44. Rd5 Rb3 45. Rd2 g5+
46. Kg4 Ke5 47. Rf2 Re3 48. Rf5+ Ke6 49. Rb5 Rxe4+ 50. Kg3 f5 51. b4 Re3+ 52.
Kg2 Rb3 53. Rb8 g4 54. b5 f4 55. Rf8 Rb2+ 56. Kf1 Rxb5 0-1

[Event "7th Parsvnath International Open Chess T"]
[Site "Modern School, Barakhamba Road"]
[Date "2009.01.15"]
[Round "6.37"]
[White "Khamzin, Olzhas"]
[Black "Muminova, Nafisa"]
[Result "1-0"]
[WhiteElo "2401"]
[BlackElo "2220"]
[PlyCount "75"]
[EventDate "2009.01.11"]

1. d4 e6 2. e4 d5 3. Nc3 Nf6 4. Bg5 Bb4 5. Nge2 dxe4 6. a3 Be7 7. Bxf6 Bxf6 8.
Nxe4 Nc6 9. c3 O-O 10. f4 b6 11. g3 Be7 12. Bg2 Bb7 13. O-O Na5 14. Qd3 Bd5 15.
f5 c5 16. b4 Bc4 17. Qe3 Nb3 18. Rad1 cxd4 19. cxd4 a5 20. f6 gxf6 21. d5 exd5
22. Rf5 Kh8 23. Nf4 d4 24. Qf3 Rg8 25. Nh5 Bd5 26. Nhxf6 Be6 27. Nxg8 Qxg8 28.
Nf6 Qd8 29. Rd5 Bxd5 30. Nxd5 Ra7 31. Qxb3 axb4 32. axb4 Bf6 33. Nxf6 Qxf6 34.
Qd5 Re7 35. Rf1 Qe6 36. Qxd4+ Kg8 37. Bh3 Qe2 38. Qf6 1-0

[Event "7th Parsvnath International Open Chess T"]
[Site "Modern School, Barakhamba Road"]
[Date "2009.01.15"]
[Round "6.38"]
[White "Vaibhav, Suri"]
[Black "Sharma, Dinesh K"]
[Result "1/2-1/2"]
[WhiteElo "2193"]
[BlackElo "2394"]
[PlyCount "120"]
[EventDate "2009.01.11"]

1. e4 e5 2. Nf3 Nc6 3. Bc4 Bc5 4. c3 Nf6 5. d3 a6 6. O-O Ba7 7. Bb3 d6 8. h3 h6
9. Nbd2 O-O 10. Re1 Re8 11. Nf1 Be6 12. Ng3 Bxb3 13. axb3 d5 14. Qe2 Qd7 15.
Nh2 Rad8 16. Ng4 Nxg4 17. hxg4 dxe4 18. dxe4 Qd3 19. Kf1 Re7 20. Nf5 Red7 21.
Qxd3 Rxd3 22. Be3 Kf8 23. Bxa7 Nxa7 24. Ne3 c6 25. Red1 Rxd1+ 26. Nxd1 Nb5 27.
Ke2 Nd6 28. f3 f6 29. Ne3 g6 30. Rd1 Ke7 31. Kf2 Nf7 32. Rxd8 Nxd8 33. Ke2 Ne6
34. b4 Kd7 35. g3 b5 36. Kd2 Kd6 37. Ng2 Ke7 38. Ne3 Ng7 39. Ke2 Ke6 40. Kf2
Ke7 41. Ke2 Ke6 42. Kf2 h5 43. gxh5 Nxh5 44. Ng2 f5 45. Nh4 Kf6 46. exf5 gxf5
47. Nxf5 Kxf5 48. g4+ Kg5 49. gxh5 Kxh5 50. Ke3 Kg5 51. Ke4 Kf6 52. f4 exf4 53.
Kxf4 Ke6 54. Ke4 Kd7 55. Ke5 Ke7 56. b3 Kd7 57. c4 bxc4 58. bxc4 c5 59. bxc5
Kc6 60. Kd4 a5 1/2-1/2

[Event "7th Parsvnath International Open Chess T"]
[Site "Modern School, Barakhamba Road"]
[Date "2009.01.15"]
[Round "6.39"]
[White "Suvrajit Saha"]
[Black "Choudhary, Jitendra Kumar"]
[Result "1-0"]
[WhiteElo "2368"]
[BlackElo "2187"]
[PlyCount "87"]
[EventDate "2009.01.11"]

1. d4 d5 2. Nf3 Nf6 3. c4 e6 4. Nc3 c6 5. e3 Bd6 6. Qc2 O-O 7. b3 Bb4 8. Bd2
Bxc3 9. Bxc3 Ne4 10. Bd3 f5 11. Bb2 Qa5+ 12. Ke2 Nd7 13. Rhc1 Rf6 14. Kf1 Rh6
15. Kg1 Qd8 16. b4 g5 17. cxd5 exd5 18. b5 g4 19. Bxe4 fxe4 20. Nd2 Qh4 21. Nf1
Nb6 22. a4 Nc4 23. Qb3 Be6 24. bxc6 bxc6 25. Qb7 Rf8 26. Rc2 g3 27. fxg3 Rxf1+
28. Kxf1 Qxh2 29. Qb8+ Kg7 30. Qc7+ Bf7 31. Rf2 Qh1+ 32. Ke2 Qh5+ 33. Ke1 Nxb2
34. g4 Nd3+ 35. Kd2 Qg6 36. g5 Rh2 37. Qxh2 Nxf2 38. Qe5+ Kg8 39. Rb1 Be8 40.
Rb8 Kf8 41. Qh8+ Ke7 42. Rb7+ Kd8 43. Qe5 Bd7 44. Qc7+ 1-0

[Event "7th Parsvnath International Open Chess T"]
[Site "Modern School, Barakhamba Road"]
[Date "2009.01.15"]
[Round "6.40"]
[White "Nitin, S."]
[Black "Tejas Ravichandran"]
[Result "1-0"]
[WhiteElo "2365"]
[BlackElo "2189"]
[PlyCount "89"]
[EventDate "2009.01.11"]

1. e4 e6 2. d4 d5 3. Nc3 Nf6 4. Bg5 Bb4 5. e5 h6 6. Bd2 Bxc3 7. bxc3 Ne4 8. Qg4
g6 9. Bd3 Nxd2 10. Kxd2 c5 11. Nf3 Bd7 12. Rhb1 c4 13. Be2 Bc6 14. h4 Nd7 15.
Qf4 Qe7 16. g4 O-O-O 17. g5 hxg5 18. hxg5 Rh5 19. Rh1 Rdh8 20. Rxh5 Rxh5 21.
Rg1 b5 22. Nh2 Rh8 23. Ng4 Nb6 24. Nh6 Be8 25. Qf6 Qf8 26. Rg3 Nd7 27. Qf4 b4
28. Bg4 b3 29. axb3 cxb3 30. cxb3 Qa3 31. Ke2 Qa1 32. Kf3 Qh1+ 33. Rg2 Qd1+ 34.
Kg3 Qxb3 35. Rg1 a5 36. Kg2 Rf8 37. Ra1 Qb5 38. Qc1 Nb6 39. Rb1 Qc6 40. Qa3 Rh8
41. Qxa5 Kc7 42. Qa7+ Qb7 43. Qa3 Qc6 44. Qe7+ Qd7 45. Qc5+ 1-0

[Event "7th Parsvnath International Open Chess T"]
[Site "Modern School, Barakhamba Road"]
[Date "2009.01.15"]
[Round "6.41"]
[White "Mishra, Neeraj-Kumar"]
[Black "Gagare, Shardul"]
[Result "1-0"]
[WhiteElo "2338"]
[BlackElo "2159"]
[PlyCount "123"]
[EventDate "2009.01.11"]

1. d4 d5 2. c4 dxc4 3. Nf3 Nf6 4. e3 e6 5. Bxc4 a6 6. O-O c5 7. Bb3 Nc6 8. Qe2
cxd4 9. Rd1 Be7 10. exd4 O-O 11. Nc3 Nb4 12. Bg5 Nbd5 13. Rac1 Re8 14. Ne5 Qd6
15. Qf3 Nxc3 16. bxc3 Rf8 17. c4 Nd7 18. c5 Nxe5 19. dxe5 Qc7 20. Bxe7 Qxe7 21.
Rd6 Rb8 22. Rcd1 b5 23. cxb6 Bb7 24. Qf4 Rfd8 25. Qd4 Rxd6 26. Qxd6 Qxd6 27.
exd6 Kf8 28. Rc1 Ke8 29. Rc7 Bc8 30. Ba4+ Kf8 31. d7 Bxd7 32. Rxd7 Rxb6 33. g3
Rb4 34. Bb3 a5 35. Ra7 Rb5 36. Kf1 Rh5 37. h4 Re5 38. f4 Rc5 39. Kf2 h6 40. Kf3
Rf5 41. Ke4 g5 42. fxg5 hxg5 43. h5 g4 44. h6 Rh5 45. Kf4 Rxh6 46. Kxg4 Rg6+
47. Kh4 Rh6+ 48. Kg5 Rg6+ 49. Kf4 Rf6+ 50. Ke5 Rf5+ 51. Kd6 Rg5 52. g4 Rxg4 53.
Rxa5 Rd4+ 54. Ke5 Rb4 55. Ra7 Rb5+ 56. Kd4 Rg5 57. a4 Rg4+ 58. Kc5 e5 59. Rxf7+
Ke8 60. Rb7 Rd4 61. a5 Kd8 62. a6 1-0

[Event "7th Parsvnath International Open Chess T"]
[Site "Modern School, Barakhamba Road"]
[Date "2009.01.15"]
[Round "6.42"]
[White "Chatterjee, Debaraj"]
[Black "Babu, N Sudhakar"]
[Result "0-1"]
[WhiteElo "2218"]
[BlackElo "2333"]
[PlyCount "125"]
[EventDate "2009.01.11"]

1. d4 d5 2. c4 e6 3. Nf3 Nf6 4. g3 Bb4+ 5. Bd2 Be7 6. Bg2 O-O 7. O-O c6 8. Qb3
b6 9. Nc3 Ba6 10. cxd5 cxd5 11. Bf4 Nc6 12. Qa4 Bb7 13. Ne5 Nxe5 14. Bxe5 Qd7
15. Qb3 Ne4 16. Rfd1 Nxc3 17. Qxc3 Rfc8 18. Qd2 Rc6 19. Rdc1 Rac8 20. Bf4 Bf6
21. Rc3 Rxc3 22. bxc3 Qa4 23. Qb2 h6 24. Bd2 Ba6 25. Bf1 e5 26. Qb3 Qa5 27. e3
Bxf1 28. Rxf1 Rc4 29. e4 exd4 30. exd5 Qxd5 31. cxd4 Rxd4 32. Bc3 Qxb3 33. axb3
Rd6 34. Ra1 a5 35. Rc1 Kf8 36. f4 Ke7 37. Bxf6+ Rxf6 38. b4 axb4 39. Rb1 Kd6
40. Rxb4 Kc5 41. Rb1 b5 42. Kf2 Re6 43. Rc1+ Kb6 44. Rb1 Re4 45. Kf3 Rc4 46.
Rd1 b4 47. Ke3 b3 48. Rb1 Rb4 49. Kd3 Kc5 50. Rb2 h5 51. h3 h4 52. gxh4 Rxf4
53. Rg2 Rf3+ 54. Kd2 g6 55. h5 gxh5 56. Rg5+ Kd4 57. Rxh5 Rf2+ 58. Kc1 f5 59.
Rh8 f4 60. h4 Rh2 61. Rf8 Rxh4 62. Kb2 Ke3 63. Kxb3 0-1

[Event "7th Parsvnath International Open Chess T"]
[Site "Modern School, Barakhamba Road"]
[Date "2009.01.15"]
[Round "6.43"]
[White "Nath, Rupankar"]
[Black "Sangma, Rahul"]
[Result "0-1"]
[WhiteElo "2176"]
[BlackElo "2322"]
[PlyCount "100"]
[EventDate "2009.01.11"]

1. d4 Nf6 2. Nf3 e6 3. Bg5 h6 4. Bh4 c5 5. c3 b6 6. e3 Bb7 7. Be2 Be7 8. O-O
O-O 9. Nbd2 d6 10. dxc5 bxc5 11. Nc4 Qc7 12. Bxf6 gxf6 13. Qa4 Bc6 14. Qa5 Bd8
15. Qxc7 Bxc7 16. Rfd1 Rd8 17. b4 Kf8 18. bxc5 d5 19. Nb2 e5 20. c4 dxc4 21.
Rxd8+ Bxd8 22. Nxc4 Nd7 23. Nh4 Nxc5 24. Nf5 Bd7 25. Nxh6 Rc8 26. Nd6 Rc6 27.
Nhf5 Bc7 28. Bb5 Bxd6 29. Bxc6 Bxf5 30. f3 Bg6 31. Bd5 Ke7 32. Rd1 f5 33. h3 a5
34. Rb1 a4 35. a3 f4 36. e4 f5 37. Rb4 fxe4 38. fxe4 Be8 39. Rb6 Bg6 40. Rb4
Be8 41. Rb6 Nd3 42. Rb7+ Kf8 43. Bc4 Nc5 44. Ra7 Nxe4 45. Ra5 Ke7 46. Bd3 Bc5+
47. Kh2 Nf2 48. Bc2 e4 49. Bxa4 Bxa4 50. Rxa4 e3 0-1

[Event "7th Parsvnath International Open Chess T"]
[Site "Modern School, Barakhamba Road"]
[Date "2009.01.15"]
[Round "6.44"]
[White "Sai, Krishna G V"]
[Black "Singh, D P."]
[Result "0-1"]
[WhiteElo "2162"]
[BlackElo "2312"]
[PlyCount "48"]
[EventDate "2009.01.11"]

1. e4 e5 2. Nf3 Nc6 3. Bb5 a6 4. Ba4 Nf6 5. O-O Be7 6. Re1 d6 7. c3 O-O 8. h3
b5 9. Bb3 Na5 10. Bc2 c5 11. d4 exd4 12. cxd4 Nd7 13. Nc3 Bb7 14. Qd3 cxd4 15.
Nxd4 g6 16. Bh6 Ne5 17. Qg3 Bh4 18. Qe3 Re8 19. g3 Be7 20. a4 b4 21. Nd5 Bxd5
22. exd5 Rc8 23. Rf1 Rc5 24. Rae1 Rxd5 0-1

[Event "7th Parsvnath International Open Chess T"]
[Site "Modern School, Barakhamba Road"]
[Date "2009.01.15"]
[Round "6.45"]
[White "Ashwath, R."]
[Black "Ivanilov, Maxim"]
[Result "1-0"]
[WhiteElo "2312"]
[BlackElo "2158"]
[PlyCount "87"]
[EventDate "2009.01.11"]

1. d4 Nf6 2. c4 e6 3. Nf3 b6 4. Nc3 Bb4 5. Bg5 Bb7 6. e3 h6 7. Bh4 g5 8. Bg3
Ne4 9. Qc2 f5 10. d5 Nxg3 11. hxg3 Qf6 12. Nd4 Na6 13. a3 Bxc3+ 14. Qxc3 Nc5
15. Rd1 O-O-O 16. Nb5 Qxc3+ 17. Nxc3 exd5 18. cxd5 Rde8 19. Bd3 Nxd3+ 20. Rxd3
c5 21. dxc6 dxc6 22. Nd1 Rd8 23. Rxd8+ Kxd8 24. f3 Ke7 25. Nf2 Kf6 26. g4 Bc8
27. gxf5 Bxf5 28. Ke2 Rh7 29. e4 Be6 30. g3 h5 31. f4 gxf4 32. gxf4 c5 33. Ke3
Bc8 34. f5 Bxf5 35. exf5 Kxf5 36. Kf3 Ke5 37. Rh4 Kd5 38. Nd3 b5 39. Nf4+ Kc4
40. Ne6+ Kb3 41. Rh2 c4 42. Ke4 c3 43. Nd8 Ka2 44. bxc3+ 1-0

[Event "7th Parsvnath International Open Chess T"]
[Site "Modern School, Barakhamba Road"]
[Date "2009.01.15"]
[Round "6.46"]
[White "Akshat, Khamparia"]
[Black "Preethi, R."]
[Result "1-0"]
[WhiteElo "2306"]
[BlackElo "2140"]
[PlyCount "92"]
[EventDate "2009.01.11"]

1. d4 Nf6 2. c4 e6 3. Nc3 Bb4 4. Bg5 h6 5. Bh4 c5 6. d5 d6 7. e3 O-O 8. Bd3 Qe7
9. Nge2 Nbd7 10. O-O g5 11. Bg3 e5 12. f4 e4 13. Bc2 Nb6 14. fxg5 hxg5 15. b3
Ne8 16. Be1 f5 17. a3 Ba5 18. Qb1 Nd7 19. b4 cxb4 20. axb4 Bb6 21. c5 dxc5 22.
Na4 Bc7 23. Qb3 Bd6 24. Ng3 Ng7 25. bxc5 Nxc5 26. Nxc5 Bxc5 27. d6+ Qe6 28. Bb4
b6 29. Bxc5 bxc5 30. Qc3 Qxd6 31. Bxe4 fxe4 32. Nxe4 Qe7 33. Rxf8+ Kxf8 34.
Rf1+ Kg8 35. Qd3 Bf5 36. Qd5+ Kh7 37. Rxf5 Nxf5 38. Qxa8 Nxe3 39. h3 Qg7 40.
Kf2 Nf5 41. Kf3 Nh4+ 42. Kg4 Ng6 43. Qd5 Ne5+ 44. Kf5 Nf7 45. Nf6+ Kh6 46. Ke6
Qg6 1-0